[Event "IECG TE.2001.P.00607 email"]
[Site "IECG email"]
[Date "2001.03.20"]
[Round "?"]
[White "Hall, Roland"]
[Black "Immerman, Mia"]
[Result "1-0"]
[WhiteElo "1138"]
[BlackElo "800"]
[PlyCount "69"]
[EventDate "2001.03.20"]
[EventType "tourn (corr)"]
[EventRounds "12"]
[SourceTitle "Corr 2008"]
[Source "ChessBase"]
[SourceDate "2008.06.24"]
[SourceVersion "1"]
[SourceVersionDate "2008.06.24"]
[SourceQuality "1"]

1. e4 c5 2. d4 cxd4 3. c3 dxc3 4. Nxc3 Nc6 5. Nf3 d6 6. Bc4 Bd7 7. 0-0 Nf6 8. Qe2 e6 9. Rd1 Be7 10. Bf4 e5 11. Bg5 Qb8 12. Bxf6 Bxf6 13. Nd5 Bd8 14. Rac1 0-0 15. a4 a5 16. Bb5 g6 17. Qe3 Bg4 18. h3 Bxf3 19. Qxf3 Nd4 20. Qd3 Bg5 21. Rc3 f5 22. exf5 Nxf5 23. Nc7 Nd4 24. Nxa8 Qxa8 25. Bc4+ Kh8 26. Bd5 Qa7 27. Rc7 Nc6 28. Rf7 Rxf7 29. Bxf7 Kg7 30. Qc4 Be7 31. Bg8 Nd8 32. Qc7 Kf8 33. Bxh7 Ne6 34. Qc8+ Nd8 35. Bxg6 1-0